'O' TV Shows by Picture Quiz Stats

 Plays Quiz Updated Jan 4, 2017

Challenge
Share
Tweet
Score 0/16 Timer 05:00
0 Plays Today
Location Show % Correct
2AThe Oprah Winfrey Show
98.2%
3DThe Office
92.7%
4AThe Osbournes
81.6%
1DThe Odd Couple
49%
1CThe O'Reilly Factor
47.4%
1BThe O.C.
44.1%
4COne Tree Hill
42.8%
2COz
38.5%
Location Show % Correct
2DOne Day at a Time
34.5%
1AOutsourced
24.9%
3BThe Outer Limits
17.8%
3COne Life to Live
10.6%
3AOctober Road
6%
2BOperation Repo
4.5%
4DOut of Practice
3%
4BOff the Map
2.4%

You're not logged in!

Compare scores with friends on all Sporcle quizzes.
OR
Log In

You Might Also Like...

Show Comments

Extras

Top Quizzes Today


Score Distribution

Your Account Isn't Verified!

In order to create a playlist on Sporcle, you need to verify the email address you used during registration. Go to your Sporcle Settings to finish the process.

Report this User

Report this user for behavior that violates our Community Guidelines.

Details: